| 000 | 00802cam a22001935a 4500 | ||
|---|---|---|---|
| 001 | L140702 | ||
| 008 | 071005s1936 xxk eng u | ||
| 035 | _a(Sirsi) u140702 | ||
| 041 | 0 | _aeng | |
| 110 | 2 |
_aWalker, Walton and Hanson _95375 |
|
| 245 | 0 | 0 |
_aHoveringham Notts. _bparticulars of five freehold dwelling houses including village shop and post office known as 'Trent Cottages'...to be offered for sale by public auction by Messrs. Walker, Walton and Hanson at the Old Elm Tree Hotel, Hoveringham on Thursday 19th November 1936... |
| 260 |
_aS.l. _bs.n. _c[1936] |
||
| 300 |
_a1 sheet _b33 cm. x 20 cm. |
||
| 340 | _aPrinted | ||
| 351 | _cSingle item | ||
| 651 | 4 | _aNottinghamshire | |
| 690 | _aPROPERTY-PROPERTY ACQUISITION AND DISPOSAL-ACQUISITION AND DISPOSAL AT AUCTION | ||
| 942 | _n0 | ||
| 999 |
_c116437 _d116437 |
||